00794nam a22001697a 4500003000900000008004100009040007100050082002200121100002900143245003500172260003300207300003300240505022900273650007500502650002200577650002500599AR-CdUCM190306b ||||| |||| 00| 0 spa d aMUNICIPALIDAD PROVINCIAL DEL CUSCOcBIBLIOTECA MUNICIPAL DEL CUSCO aC / 985.41 /bV19 aValdivia, Juan Gualberto aLas revoluciones de Arequipa / aArequipa :bEl Deber,c1956. a274 + 37 páginas ;c24 cm. aContenido:La revolución de Arequipa -- Tratado de Paucarpata, hecho entre el general Santa Cruz y el general Manuel Blanco Encalada -- Proclamación del general Gamarra en Arequipa, para presidente de la república ...  aParticipación arequipeña en los acontecimientos politicos del Peru aHistoria del Peru aHistoria de Arequipa